Fear free / (Record no. 4717)

MARC details
000 -LEADER
fixed length control field 00532nam a22001932 4500
001 - CONTROL NUMBER
control field 0000000078
005 - DATE AND TIME OF LATEST TRANSACTION
control field 20151217151743.0
008 - FIXED-LENGTH DATA ELEMENTS--GENERAL INFORMATION
fixed length control field 070109s xx 000 0 eng d
020 ## - INTERNATIONAL STANDARD BOOK NUMBER
International Standard Book Number 1874367701 :
Terms of availability KES 300
040 ## - CATALOGING SOURCE
Original cataloging agency KABU
Transcribing agency KABU
100 1# - MAIN ENTRY--PERSONAL NAME
Personal name Powell, Graham.
-- 0000148066
245 10 - TITLE STATEMENT
Title Fear free /
Statement of responsibility, etc. Graham Powell.
260 ## - PUBLICATION, DISTRIBUTION, ETC. (IMPRINT)
Place of publication, distribution, etc. Chichester, England :
Name of publisher, distributor, etc. New Wine Press,
Date of publication, distribution, etc. 1987.
300 ## - PHYSICAL DESCRIPTION
Extent 159 p.
650 #0 - SUBJECT ADDED ENTRY--TOPICAL TERM
Topical term or geographic name as entry element Fear.
-- 0000148067
908 ## - PUT COMMAND PARAMETER (RLIN)
Put command parameter 070109
950 ## - LOCAL HOLDINGS (RLIN)
-- 1
Holdings
Withdrawn status Lost status Source of classification or shelving scheme Not for loan Home library Current library Date acquired Total Checkouts Full call number Barcode Date last seen Date last checked out Price effective from Koha item type
    Library of Congress Classification   Kabarak, Main Campus Kabarak, Main Campus 17/12/2015 1 BF575 .F2P69 000489 08/07/2017 13/06/2017 17/12/2015 General Collection
Designed with assistance from East African Informatics Ltd